Problemas y soluciones del desarrollo económico de Galicia / (Record no. 105782)

MARC details
000 -LEADER
campo de control de longitud fija 00747nam a2200229 i 4500
001 - NÚMERO DE CONTROL
campo de control 105782
003 - IDENTIFICADOR DE NÚMERO DE CONTROL
campo de control ES-MaACL
005 - FECHA Y HORA DE LA ÚLTIMA TRANSACCIÓN
campo de control 20230906183955.0
007 - CAMPO FIJO DE DESCRIPCIÓN FÍSICA--INFORMACIÓN GENERAL
campo de control de longitud fija t|
008 - DATOS DE LONGITUD FIJA--INFORMACIÓN GENERAL
campo de control de longitud fija 060828s1972 sp ||||1| spa d
080 ## - NÚMERO DE LA CLASIFICACIÓN DECIMAL UNIVERSAL
Número de la Clasificación Decimal Universal 338.98(461.1)
245 00 - MENCIÓN DEL TÍTULO
Título Problemas y soluciones del desarrollo económico de Galicia /
Mención de responsabilidad, etc. editor literario José B. Terceiro.
260 ## - PUBLICACIÓN, DISTRIBUCIÓN, ETC.
Lugar de publicación, distribución, etc. Algorta :
Nombre del editor, distribuidor, etc. Zero,
Fecha de publicación, distribución, etc. [1972]
300 ## - DESCRIPCIÓN FÍSICA
Extensión 130 p. ;
Dimensiones 20 cm.
490 1# - MENCIÓN DE SERIE
Mención de serie Promoción del pueblo. Serie P ;
Designación de volumen o secuencia 44
500 ## - NOTA GENERAL
Nota general Biblioteca Juan Andrade.
650 #4 - PUNTO DE ACCESO ADICIONAL DE MATERIA--TÉRMINO DE MATERIA
Término de materia o nombre geográfico como elemento de entrada Desarrollo económico-
Subdivisión geográfica Galicia.
9 (RLIN) 11800
700 1# - ENTRADA AGREGADA--NOMBRE PERSONAL
Nombre de persona Terceiro, José B.
9 (RLIN) 109732
830 0# - PUNTO DE ACCESO ADICIONAL DE SERIE-TÍTULO UNIFORME
Título uniforme Promoción del pueblo. Serie P ;
Designación de volumen o secuencia 44
9 (RLIN) 187223
852 ## - LOCALIZACIÓN
Ubicación ES-MaACL
Número de control de estantería AND-594
Sublocalización o colección R.109892
Holdings
Estatus retirado Estado de pérdida Estado de daño No para préstamo Biblioteca de origen Biblioteca actual Ubicación en estantería Fecha de adquisición Fuente de adquisición Total de préstamos Signatura topográfica completa Código de barras Visto por última vez Precio de reemplazo Tipo de ítem Koha
        Biblioteca del Ateneo de Madrid Biblioteca del Ateneo de Madrid Depósito 2 17/01/2008     AND-594 1110439 23/02/2023 23/02/2023 Libro impreso